000 00619nam a22001937a 4500
999 _c186203
_d186203
005 20220216153141.0
010 _aENG-131634
020 _a9789390727308
_c820.00
035 _aEN-115166
037 _bDBAD
082 _a657
100 _aSharma, Parveen
245 _aProblems and Solutions in Accounting/
_cParveen Sharma, Kapileshwar Bhalla
260 _aChennai
_bMcGraw Hill Education Private Limited
_c2020
270 _aAnjana Complex No. 5/90 A, Butt Road, St. Thomas Mount
_bChennai
_e600016
300 _avp.
_c25cm(pbk)
700 _aBhalla, Kapileshwar
942 _2ddc
_cEN
_h657
_mSHA